الرقابة القضائية على التحكيم في المنازعات المتعلقة بالعقود الإدارية: (رقم التسجيلة. 40699)
[ عرض عادي ]
| 000 -الفاتح | |
|---|---|
| حقل البيانات ثابتة الطول | 01279nam a22002657a 4500 |
| 003 - محدد رقم الضبط | |
| رقم الضبط | OSt |
| 005 - وقت وتاريخ اخر تعامل مع التسجيلة | |
| رقم الضبط | 20170907111904.0 |
| 008 - عناصر البيانات ثابتة الطول - معلومات عامة | |
| حقل البيانات ثابتة الطول | 160502s2017 ua g b 000 0 ara d |
| 020 ## - الرقم الدولى المعيارى للكتب | |
| الرقم الدولى المعيارى للكتاب | 9789776567115 |
| 040 ## - مصدر الفهرسة | |
| وكالة الفهرسة الأصلية | Ma-Un |
| لغة الفهرسة | ara |
| وكالة النسخ | Dar Arab |
| 082 04 - رقم تصنيف ديوى العشرى | |
| رقم التصنيف | 346.06 |
| رقم الطبعة | 21 |
| رقم المادة | ع ح ر |
| 100 1# - المدخل الرئيسى - إسم شخصى | |
| الإسم الشخصى | عبد الله، حيدر مدلول بدر |
| 9 (RLIN) | 59195 |
| 245 12 - بيان العنوان | |
| العنوان | الرقابة القضائية على التحكيم في المنازعات المتعلقة بالعقود الإدارية: |
| بقية العنوان | دراسة مقارنة / |
| بيان المسئوليه,etc | حيدر مدلول بدر عبد الله. |
| 250 ## - بيان الطبعة | |
| بيان الطبعة | ط. 1. |
| 260 ## - PUBLICATION, DISTRIBUTION, ETC. (IMPRINT) | |
| مكان الناشر او الموزع | القاهرة : |
| اسم الناشر او الموزع | المركز العربي للنشر والتوزيع، |
| تاريخ النشر أو التوزيع | 2017. |
| 300 ## - الوصف المادى | |
| التعداد | 285 ص. ؛ |
| أبعاد الوعاء | 24 سم. |
| 504 ## - تبصرة ببليوجرافية | |
| تبصرة ببليوجرافية,الخ | يشتمل علي إرجاعات ببليوجرافية. |
| 650 #4 - المدخل الاضافى بالموضوع-مصطلح موضوعى | |
| مصطلح موضوعي أو اسم جغرافي كعنصر مدخل | الرقابة القضائية |
| التقسيم الفرعي الجغرافي | العراق |
| 9 (RLIN) | 59196 |
| 650 #4 - المدخل الاضافى بالموضوع-مصطلح موضوعى | |
| مصطلح موضوعي أو اسم جغرافي كعنصر مدخل | الرقابة القضائية |
| التقسيم الفرعي الجغرافي | مصر |
| 9 (RLIN) | 22070 |
| 650 #4 - المدخل الاضافى بالموضوع-مصطلح موضوعى | |
| مصطلح موضوعي أو اسم جغرافي كعنصر مدخل | الرقابة القضائية |
| التقسيم الفرعي الجغرافي | فرنسا |
| 9 (RLIN) | 59197 |
| 650 #4 - المدخل الاضافى بالموضوع-مصطلح موضوعى | |
| مصطلح موضوعي أو اسم جغرافي كعنصر مدخل | العقود الإدارية |
| التقسيم الفرعي العام | قوانين وتشريعات |
| التقسيم الفرعي الجغرافي | العراق |
| 9 (RLIN) | 53260 |
| 650 #4 - المدخل الاضافى بالموضوع-مصطلح موضوعى | |
| مصطلح موضوعي أو اسم جغرافي كعنصر مدخل | العقود الإدارية |
| التقسيم الفرعي العام | قوانين وتشريعات |
| التقسيم الفرعي الجغرافي | مصر |
| 9 (RLIN) | 16381 |
| 650 #4 - المدخل الاضافى بالموضوع-مصطلح موضوعى | |
| مصطلح موضوعي أو اسم جغرافي كعنصر مدخل | العقود الإدارية |
| التقسيم الفرعي العام | قوانين وتشريعات |
| التقسيم الفرعي الجغرافي | فرنسا |
| 9 (RLIN) | 59198 |
| 942 ## - عناصر المدخل الإضافي( كوها) | |
| Koha [default] item type | كتاب |
| حالة الفقد | نموذج السعر الفعال | حالة تلف | ليس للاعارة | رقم الطلب | رقم النسخة | تاريخ الاكتساب | الموقع الحالي | الباركود | الفرع الرئيسي | Date last seen | نوع المادة فى نظام كوها | مصدر التصنيف او خطة الترفيف | Total Checkouts |
|---|---|---|---|---|---|---|---|---|---|---|---|---|---|
| 2017-09-07 | Not For Loan | 346.06 ع ح ر | 1 | 2017-09-07 | المكتبة المركزية بالمجمعة (CL) | 00232640 | المكتبة المركزية بالمجمعة (CL) | 2017-09-07 | كتاب | Dewey Decimal Classification | |||
| 2017-09-07 | 346.06 ع ح ر | 2 | 2017-09-07 | المكتبة المركزية بالمجمعة (CL) | 00232639 | المكتبة المركزية بالمجمعة (CL) | 2017-09-07 | كتاب | Dewey Decimal Classification | ||||
| 2017-09-07 | 346.06 ع ح ر | 3 | 2017-09-07 | المكتبة المركزية بالمجمعة (CL) | 00232638 | المكتبة المركزية بالمجمعة (CL) | 2017-09-07 | كتاب | Dewey Decimal Classification | ||||
| 2017-09-07 | 346.06 ع ح ر | 2 | 2017-09-07 | كلية الشريعة والقانون - طلاب | 00232642 | كلية الشريعة والقانون - طلاب | 2017-09-07 | كتاب | Dewey Decimal Classification | ||||
| 2017-09-07 | Not For Loan | 346.06 ع ح ر | 1 | 2017-09-07 | كلية الشريعة والقانون - طلاب | 00232641 | كلية الشريعة والقانون - طلاب | 2017-09-07 | كتاب | Dewey Decimal Classification | |||
| 2017-09-07 | Not For Loan | 346.06 ع ح ر | 1 | 2017-09-07 | مكتبة مجمع الكليات بالزلفى - طلاب (SZM) | 00232644 | مكتبة مجمع الكليات بالزلفى - طلاب (SZM) | 2017-09-07 | كتاب | Dewey Decimal Classification | |||
| 2017-09-07 | 346.06 ع ح ر | 2 | 2017-09-07 | مكتبة مجمع الكليات بالزلفى - طلاب (SZM) | 00232643 | مكتبة مجمع الكليات بالزلفى - طلاب (SZM) | 2017-09-07 | كتاب | Dewey Decimal Classification |
